Hướng dẫn thực hành kế toán thương mại và dịch vụ

Spremljeno u:
Bibliografski detalji
Glavni autor: Hà, Xuân Thạch
Format: Knjiga
Jezik:Undetermined
Izdano: H. Thống Kê 2002
Teme:
Oznake: Dodaj oznaku
Bez oznaka, Budi prvi tko označuje ovaj zapis!
Thư viện lưu trữ: Trung tâm Học liệu Trường Đại học Cần Thơ
LEADER 00542nam a2200193Ia 4500
001 CTU_54210
008 210402s9999 xx 000 0 und d
020 |b 58000 
082 |a 657.8 
082 |b Th102 
100 |a Hà, Xuân Thạch 
245 0 |a Hướng dẫn thực hành kế toán thương mại và dịch vụ 
245 0 |c Hà Xuân Thạch 
260 |a H. 
260 |b Thống Kê 
260 |c 2002 
650 |a accounting 
904 |i Minh 
980 |a Trung tâm Học liệu Trường Đại học Cần Thơ